000 00682nam a22002297a 4500
003 UA-OsUOA
001 36799
007 ta
008 20061102b un ||||| |||| 00| 0 ukr d
100 _aДонцов Д.
090 _a82
_bД67
942 _cBK
040 _aUA-OsUOA
_bukr
_cUA-OsUOA
_dUA-OsUOA
245 _aТуга за героїчним.Ідеї і постаті літературної України
300 _a160 с.
955 _a1
041 _aukr
080 _a82
260 _aВольвергамптон; Манчестер
_bВидання СУМ
_c1953
650 7 _a82 Література. Літературознавство
_2UDC
999 _c435320
_d435320